| 000 | 01111cam a22001934a 4500 | ||
|---|---|---|---|
| 005 | 20250605164044.0 | ||
| 008 | 250528s ||||||||||||||||||||||||d | ||
| 035 | _a17065 | ||
| 020 | _a853454345 | ||
| 040 |
_aGR-AtMCL _bgre _dGR-AtMCL _eAACR2 |
||
| 245 | 1 | _aClass Struggles in the USSR / First Period: 1917-1923 | |
| 260 |
_bMonthly Review Press, _c1976 |
||
| 300 | _a576 | ||
| 520 | _aAn extremely provocative economic-cum-political history which must be considered in discussions of revolution, the transition to socialism, and Soviet society. Preface, Introduction to the ''First Period'', The October Revolution and the Establishment of Soviet Power, Soviet Power and the Transformation of Class Relations Between 1917 and 1921, The Transformation of the Principal Instruments of the Proletarian Dictatorship, The Ideological and Political Struggles Inside the Bolshevik Party, The Balance Sheet of Five Years of Revolution and the Prospects on the Eve of Lenin's Death, Bibliography, Index. | ||
| 700 | 1 |
_aBettelheim Charles _93196 |
|
| 942 | _cBK | ||
| 999 |
_c2505 _d2505 |
||